000 02334nam0a2200397 4500
001 RU\NLR\bibl\870933
005 20260407025224.0
021 _aRU
_b2005-43471
_92147
035 _a(nilc)RSL-KNO-002684288
035 _a(NLR Aleph) 000859553
090 _a1531182
_c1531182
100 _a20050704d2005 |||y0rusy50 ca
101 0 _arus
_deng
102 _aRU
105 _aa |||||||||
106 _ar
200 1 _aАндрей Щербаков
_eскульптура
_e[альбом
_fсост. В.А. Учаев
_gавт. вступ. ст.: нар. худож. России, чл.-корр. РАХ, проф. Валерий Малолетков, Слухаева Е.В.
_gтексты к ил. Е.В. Слухаевой]
_gРос. акад. художеств, Поволж. отд-ние [и др.]
210 _a[Саратов]
_c[б.и.]
_d2005
_gОАО Тип. Новости
215 _a54 с.
_cцв. ил.
_d27
225 1 _aMaster Class
300 _aВ надзаг. также: Правительство Сарат. обл., Сарат. гос. худож. музей им. Радищева
300 _aРез. на англ. яз.
600 1 _aЩербаков
_bА.А.
_f1965
_gАндрей Александрович
_jАльбомы
_92411642
_3RU\NLR\auth\661436848
610 0 _aИскусство. Искусствознание -- Скульптура -- История скульптуры -- Российская Федерация -- Русская скульптура -- Щербаков Андрей Александрович (р.1965) - скульптор -- Альбом
686 _aЩ133(2Р=Р)7-8Щербаков А.А.4я61
_2rubbk
686 _aЩ133(2Р=Рус)7-8Щербаков
700 1 _4070
_8rus
_7ca
_aЩербаков
_bА. А.
_cскульптор
_f1965-
_gАндрей Александрович
_3RU\NLR\auth\7736944
_919933
702 1 _aУчаев
_bВ. А.
_4220
712 0 2 _4570
_aСаратовский государственный художественный музей им. А. Н. Радищева
_3RU\NLR\AUTH\8810010973
_9519623
801 0 _aRU
_bRuMoRKP
_c20050704
_grcr
801 1 _aRU
_bRuMoRGB
_c20050704
801 2 _aRU
_bNLR
_c20051111
_grcr
830 _aАвт. по кн.
942 _cBOOK
980 _aNB